|
|
|
|
| LEADER |
01226cam a2200289 7i4500 |
| 001 |
0000035074 |
| 005 |
20180705090000.0 |
| 007 |
##ta |
| 008 |
180705s2018 maua eng |
| 040 |
# |
# |
|a MATR
|
| 090 |
0 |
0 |
|a M 338.476748025 MAL
|
| 110 |
2 |
# |
|a Malaysian Wood Industries Association (MWIA)
|
| 245 |
1 |
0 |
|a Malaysian Wood Industries Association (MWIA) :
|b Members' Directory 2018/19.
|
| 264 |
# |
1 |
|a Kuala Lumpur:
|b Malaysian Wood Industries Association (MWIA),
|c 2018.
|
| 300 |
# |
# |
|a 154 pages:
|b illustrations;
|c 21 cm.
|
| 336 |
# |
# |
|a text
|2 rdacontent
|
| 337 |
# |
# |
|a unmediated
|2 rdamedia
|
| 338 |
# |
# |
|a volume
|2 rdacarrier
|
| 650 |
# |
0 |
|a Wood products --
|z Malaysia
|
| 650 |
# |
0 |
|a Wood --
|z Malaysia
|
| 999 |
|
|
|a JHR000456H
|b Directories
|c Malaysia
|e MATRADE Southern Regional Office
|
| 999 |
|
|
|a 0000040185
|b Directories
|c Malaysia
|e Business Information Centre
|
| 999 |
|
|
|a 0000040186
|b Directories
|c Malaysia
|e Business Information Centre
|
| 999 |
|
|
|a PNG001164H
|b Directories
|c Malaysia
|e MATRADE Northern Regional Office
|
| 999 |
|
|
|a SBH001134H
|b Directories
|c Malaysia
|e MATRADE Sabah
|
| 999 |
|
|
|a SRW000560H
|b Directories
|c Malaysia
|e MATRADE Sarawak
|
| 999 |
|
|
|a TRG000444H
|b Directories
|c Malaysia
|e MATRADE Eastern Regional Office
|